Kanye West Albums - Statistics

General Stats
  • This quiz has been taken 239 times
  • The average score is 10 of 15
Answers on the Grid
Answers color-coded by a green-red scale on the quiz's grid according to % correct below.
808s & Heartbreak
After Hours
Cruel Summer
Views
Native
Donda
DAMN.
GMX
Graduation
Jesus Is Born
Her Loss
For All The Dogs
The College Graduate
Jesus Is King
Relapse
Kids See Ghosts
Last Registration
Unorthodox Jukebox
My Beautiful Dark Twisted Fiction
The Human Condition
My Beautiful Dark Twisted Fantasy
Rodeo
Oxymoron
Starboy
The College Dropout
The Life Of Pablo
To Pimp A Butterfly
UTOPIA
VULTURES 2
Recovery
VULTURES 4
True Love
untitled unmastered
VULTURES 1
More Life
The Melodic Blue
Watch The Throne
Beauty Behind The Madness
ye
Perception
Late Devotion
The Blueprint 3
Yeezus
Born Sinner
 
Answer Stats
Answer % Correct
Donda
75%
Graduation
75%
VULTURES 1
75%
ye
75%
Yeezus
75%
VULTURES 2
73%
808s & Heartbreak
72%
Jesus Is King
72%
My Beautiful Dark Twisted Fantasy
72%
The Life Of Pablo
70%
Kids See Ghosts
69%
The College Dropout
69%
Watch The Throne
64%
Last Registration
63%
Cruel Summer
32%
No matching quizzes found
Score Distribution
Percent of People with Each Score
Percentile by Number Answered
Your Score History
You have not taken this quiz